Clubs of London - Statistics

General Stats
  • This quiz has been taken 18 times
  • The average score is 11 of 18
Answer Stats
Hint Answer % Correct
Premier League Arsenal
100%
Premier League Chelsea
94%
Premier League Crystal Palace
94%
Premier League Tottenham Hotspur
94%
Premier League Fulham
78%
Premier League West Ham United
78%
Championship Queens Park Rangers
67%
League Two AFC Wimbledon
61%
Championship Millwall
61%
League One Charlton Athletic
50%
League One Leyton Orient
50%
Championship Watford
50%
Conference International Barnet
44%
League Two Sutton United
39%
Premier League Brentford FC
33%
Conference International Bromley
22%
Conference International Dagenham and Redbridge
22%
Conference International Wealdstone
11%
No matching quizzes found
Score Distribution
Percent of People with Each Score
Percentile by Number Answered
Your Score History
You have not taken this quiz